Historia de los papas : en la época moderna /
Guardado en:
| Autor Principal: | |
|---|---|
| Formato: | Libro |
| Publicado: |
México :
Fondo de cultura económica,
1974
|
| Materias: | |
| Etiquetas: |
Agregar Etiqueta
Sin Etiquetas, Sea el primero en etiquetar este registro!
|
| LEADER | 00524nam a22001815a 4500 | ||
|---|---|---|---|
| 001 | CEM.cems006955 | ||
| 005 | 20060214000000.0 | ||
| 008 | 130507s1974##################000#0#####d | ||
| 003 | CEMS | ||
| 082 | 0 | 4 | |a 262.13 |
| 100 | 1 | |a Ranke, Leopold Von | |
| 245 | 1 | 0 | |a Historia de los papas : |b en la época moderna / |
| 260 | |a México : |b Fondo de cultura económica, |c 1974 | ||
| 300 | |a 628 p. | ||
| 653 | |a Biografia | ||
| 653 | |a Historia-papas | ||
| 653 | |a Papas-biografia | ||
| 859 | |a CEMS |b BIB. CEMS - 11 de abril |h 262.13 |i R166 |p 13704.85 |t Ej.1 | ||
